Historical Figures in Cinema by Pictures #2 - Statistics

General Stats
  • This quiz has been taken 384 times
  • The average score is 13 of 16
Answer Stats
Picture Hint Answer % Correct
Ana de Armas Marilyn Monroe
97%
Will Smith Muhammad Ali
96%
Rami Malek Freddie Mercury
95%
Morgan Freeman Nelson Mandela
95%
Cillian Murphy Robert Oppenheimer
90%
Kristen Stewart Diana Spencer
88%
Gary Oldman Winston Churchill
87%
Meryl Streep Margaret Thatcher
86%
David Oyelowo Martin Luther King
84%
Salma Hayek Frida Kahlo
80%
Omar Sharif Che Guevara
77%
Ingrid Bergman Joan of Arc
74%
Nathalie Portman Jacquie Kennedy
73%
Liam Neeson Oskar Schindler
64%
Nicole Kidman Grace Kelly
40%
Lambert Wilson Charles de Gaulle
38%
No matching quizzes found
Score Distribution
Percent of People with Each Score
Percentile by Number Answered
Your Score History
You have not taken this quiz